| 000 | 00355nam a22001337a 4500 | ||
|---|---|---|---|
| 999 |
_c533963 _d533963 |
||
| 003 | NUST | ||
| 038 | _awaseem | ||
| 082 |
_a300.72 _bRIC |
||
| 100 |
_aRice, Pranee Liamputtong _928041 |
||
| 245 |
_aQualitative Research Methods / _cPranee Liamputtong Rice |
||
| 260 |
_aNew Delhi : _bOxford University Press, _c[s.l]. |
||
| 300 | _a295 p. | ||
| 942 |
_2ddc _cBK |
||